LEADER 01377nam 2200373 450 001 000014143 005 20050718115500.0 010 $a3-540-17669-1 100 $a20030616d1987----km-y0itay0103----ba 101 0 $aeng 102 $aDE 200 1 $aNumber theory$ea seminar held at the Graduate school and University center of the City university of New York 1984-85$fedited by D. V. Chudnovski ... [et al.] 210 $aBerlin [etc.]$cSpringer$dc1987 215 $a324 p.$d25 cm. 225 2 $aLecture notes in mathematics$v1240 410 0$12001$aLecture notes in mathematics 606 $aNumeri$xTeoria$xCongressi 676 $a512.7$v(21. ed.)$9Teoria dei numeri 691 $a11-06$9Number theory. Proceedings, conferences, collections, etc 702 1$aChudnovsky,$bDavid V 801 0$aIT$bUniversità della Basilicata - B.I.A.$gRICA$2unimarc 912 $a000014143 996 $aNumber theory$979891 997 $aUNIBAS BAS $aMONSCI BAS $aSCIENZE CAT $aEXT002$b01$c20030616$lBAS01$h1135 CAT $c20050601$lBAS01$h1755 CAT $abatch$b01$c20050718$lBAS01$h1052 CAT $c20050718$lBAS01$h1111 CAT $c20050718$lBAS01$h1141 CAT $c20050718$lBAS01$h1155 FMT Z30 -1$lBAS01$LBAS01$mBOOK$1BASA2$APolo Tecnico-Scientifico$2GEN$BCollezione generale$3MAT$658732$5S58732$820030616$f51$FRiservati